Philippine Provinces (Luzon) - Statistics

General Stats
  • This quiz has been taken 168 times
  • The average score is 25 of 38
Answer Stats
Region Province % Correct
III Bataan
86%
I Ilocos Sur
78%
IV- A Laguna
78%
I Pangasinan
78%
IV- A Cavite
77%
I Ilocos Norte
77%
CAR Benguet
74%
II Cagayan
74%
CAR Apayao
73%
III Aurora
73%
IV- A Batangas
73%
III Bulacan
73%
CAR Abra
72%
V Albay
72%
III Pampanga
72%
IV- A Quezon
72%
IV- A Rizal
72%
I La Union
71%
III Nueva Ecija
71%
III Tarlac
69%
II Isabela
68%
CAR Mountain Province
66%
CAR Ifugao
65%
II Batanes
64%
III Zambales
64%
CAR Kalinga
63%
V Camarines Norte
62%
V Camarines Sur
61%
IV- B Palawan
60%
II Quirino
57%
V Sorsogon
52%
IV- B Romblon
51%
V Catanduanes
49%
IV- B Marinduque
48%
V Masbate
47%
II Nueva Viscaya
47%
IV- B Occidental Mindoro
47%
IV- B Oriental Mindoro
46%
No matching quizzes found
Score Distribution
Percent of People with Each Score
Percentile by Number Answered
Your Score History
You have not taken this quiz